[Event "Barber/Rockefeller Qualifier"]
[Site "Chess.com"]
[Date "2020.04.11"]
[Round "?"]
[White "Murarka, Avni"]
[Black "Hoe, Marcus"]
[Result "1-0"]
[WhiteElo "1143"]
[BlackElo "1404"]
[PlyCount "61"]
[EventDate "2020.??.??"]

1. e4 d5 2. exd5 Nf6 3. Nc3 Nxd5 4. Nxd5 Qxd5 5. Nf3 Bg4 6. Be2 Nc6 7. O-O e5
8. Re1 e4 9. h3 Bh5 10. b3 O-O-O 11. Bc4 Bxf3 12. Bxd5 Bxd1 13. Bxc6 Bxc2 14.
Bxe4 Re8 15. Bxb7+ Kd7 16. Rxe8 Kxe8 17. Bb2 Bd6 18. Re1+ Kf8 19. Bc6 Be7 20.
Ba3 g6 21. Rxe7 f6 22. Re8+ Kg7 23. Rxh8 Kxh8 24. Kf1 Bb1 25. b4 Bxa2 26. Ke2
Bc4+ 27. Ke3 Kg7 28. Ke4 Kf7 29. d4 Ke6 30. d5+ Kd6 31. b5# 1-0

[Event "Barber/Rockefeller Qualifier"]
[Site "Chess.com"]
[Date "2020.04.11"]
[Round "?"]
[White "Hoe, Marcus"]
[Black "Fong, Matthew"]
[Result "1-0"]
[WhiteElo "1404"]
[BlackElo "823"]
[PlyCount "65"]
[EventDate "2020.??.??"]

1. e4 e6 2. d4 d5 3. e5 c5 4. c3 Nc6 5. Nf3 Qb6 6. b3 Bd7 7. c4 O-O-O 8. cxd5
exd5 9. Be2 cxd4 10. O-O f6 11. exf6 Nxf6 12. Bf4 Ne4 13. Bd3 Nf6 14. Re1 Bb4
15. Re2 Bc3 16. Nxc3 dxc3 17. Qc2 Ng4 18. h3 Nf6 19. Qxc3 d4 20. Qc4 Rde8 21.
Rae1 Be6 22. Rxe6 Rxe6 23. Qxe6+ Nd7 24. Bf5 Qc7 25. Bxc7 Kxc7 26. Qxd7+ Kb6
27. Nxd4 Nxd4 28. Qxd4+ Kc7 29. Rc1+ Kb8 30. Qd6+ Ka8 31. Qc7 a6 32. Be4 Ka7
33. Qxb7# 1-0

[Event "Barber/Rockefeller Qualifier"]
[Site "Chess.com"]
[Date "2020.04.11"]
[Round "?"]
[White "Razmov, Gabriel"]
[Black "Hoe, Marcus"]
[Result "1-0"]
[WhiteElo "983"]
[BlackElo "1404"]
[PlyCount "129"]
[EventDate "2020.??.??"]

1. e4 d5 2. exd5 Nf6 3. Nf3 Nxd5 4. d4 Bg4 5. Bc4 Nb6 6. Bb3 Nc6 7. c3 e5 8. h3
Bh5 9. dxe5 Qxd1+ 10. Bxd1 Bxf3 11. Bxf3 Bc5 12. Bf4 O-O 13. O-O Rfe8 14. Re1
f6 15. e6 Re7 16. Nd2 Rae8 17. Bg4 g6 18. h4 f5 19. Bh3 Rxe6 20. Rxe6 Rxe6 21.
Bxc7 Re2 22. Nb3 Rxf2 23. Kh2 Be3 24. Re1 Bf4+ 25. Bxf4 Rxf4 26. Kg3 Re4 27.
Rxe4 fxe4 28. Kf4 Nc4 29. Kxe4 Nxb2 30. Kd5 Nd3 31. Bd7 Ne7+ 32. Kd6 Kf8 33.
Kc7 Ne5 34. Bh3 Nd5+ 35. Kxb7 Nxc3 36. Nc1 Nb5 37. Ka6 Nd4 38. Kxa7 Nf5 39.
Bxf5 gxf5 40. a4 Kg7 41. Kb7 Kh6 42. a5 Nd7 43. Nb3 Kh5 44. a6 Kxh4 45. a7 Kg3
46. a8=Q Kxg2 47. Kc7+ Kg3 48. Kxd7 f4 49. Qg8+ Kf3 50. Qxh7 Ke2 51. Qh3 f3 52.
Nd4+ Kd3 53. Qxf3+ Kxd4 54. Qe2 Kd5 55. Qe3 Kc4 56. Qd2 Kc5 57. Qd3 Kb4 58. Qc2
Ka3 59. Qb1 Ka4 60. Qb6 Ka3 61. Qb5 Ka2 62. Qb4 Ka1 63. Kd6 Ka2 64. Kd5 Ka1 65.
Kd4 1-0

[Event "Barber/Rockefeller Qualifier"]
[Site "Chess.com"]
[Date "2020.04.11"]
[Round "?"]
[White "Hoe, Marcus"]
[Black "Stein, Joshua"]
[Result "0-1"]
[WhiteElo "1404"]
[BlackElo "959"]
[PlyCount "108"]
[EventDate "2020.??.??"]

1. e4 e5 2. Nf3 Nc6 3. d4 exd4 4. Nxd4 Qh4 5. Nc3 Bb4 6. Nxc6 Bxc3+ 7. bxc3
Qxe4+ 8. Qe2 Qxe2+ 9. Bxe2 dxc6 10. Bb2 Nf6 11. c4 O-O 12. O-O Bf5 13. Bd3 Bxd3
14. cxd3 Rad8 15. Rad1 Rfe8 16. g3 Re2 17. Bxf6 gxf6 18. a3 Ra2 19. Rb1 b6 20.
Rb3 b5 21. cxb5 cxb5 22. Rc1 Rd7 23. Rcc3 a6 24. Rc6 Re7 25. Rxf6 Ree2 26. Rc3
Kg7 27. Rf4 Rac2 28. Rxc2 Rxc2 29. d4 Rc3 30. d5 Rxa3 31. Rd4 Rc3 32. Kf1 Rc4
33. Rxc4 bxc4 34. Ke2 Kf6 35. Ke3 Ke5 36. d6 cxd6 37. Kd2 Ke4 38. Kc3 d5 39. h4
a5 40. h5 a4 41. g4 a3 42. g5 a2 43. Kb2 d4 44. Kxa2 d3 45. Kb2 Kf3 46. g6 fxg6
47. hxg6 hxg6 48. Kc1 c3 49. Kd1 Kxf2 50. Kc1 g5 51. Kd1 g4 52. Kc1 g3 53. Kd1
g2 54. Kc1 g1=Q# 0-1

[Event "Barber/Rockefeller Qualifier"]
[Site "Chess.com"]
[Date "2020.04.11"]
[Round "?"]
[White "Hoe, Marcus"]
[Black "Bansal, Vivaan"]
[Result "1-0"]
[WhiteElo "1404"]
[BlackElo "983"]
[PlyCount "95"]
[EventDate "2020.??.??"]

1. e4 e5 2. Nf3 Nf6 3. Nxe5 Nxe4 4. Qe2 d5 5. d3 f6 6. Nf3 f5 7. dxe4 fxe4 8.
Bg5 Be7 9. Bxe7 Qxe7 10. Nd4 Nc6 11. Nxc6 bxc6 12. Nc3 Rb8 13. Rb1 d4 14. Nxe4
O-O 15. Ng3 Re8 16. Qxe7 Rxe7+ 17. Be2 Bg4 18. f3 Be6 19. O-O Bxa2 20. Ra1 Bd5
21. Rxa7 Rxb2 22. Bd3 Ra2 23. Rxa2 Bxa2 24. Nf5 Rf7 25. Nxd4 Rf6 26. Ra1 Bd5
27. Be4 Bc4 28. Nxc6 Rg6 29. Bxg6 hxg6 30. Ne5 Bf7 31. Nxf7 Kxf7 32. Ra7 g5 33.
Rxc7+ Kf6 34. Rd7 Kf5 35. c4 g4 36. c5 gxf3 37. gxf3 Ke6 38. Rd1 Ke7 39. c6 g5
40. c7 g4 41. c8=Q gxf3 42. Qc7+ Kf6 43. Qf4+ Ke6 44. Qe4+ Kf6 45. Rf1 Kg5 46.
Rxf3 Kh6 47. Rg3 Kh5 48. Qh7# 1-0

[Event "Barber/Rockefeller Qualifier"]
[Site "Chess.com"]
[Date "2020.04.11"]
[Round "?"]
[White "Vangala, Agastya"]
[Black "Nelson, Ben"]
[Result "1-0"]
[WhiteElo "1378"]
[BlackElo "1140"]
[PlyCount "45"]
[EventDate "2020.??.??"]

1. c4 e5 2. g3 Bc5 3. Bg2 d6 4. e3 Qd7 5. Ne2 Nc6 6. O-O b6 7. d4 exd4 8. exd4
Bb4 9. a3 Ba5 10. b4 Bxb4 11. axb4 Nxb4 12. Bxa8 Qh3 13. Re1 h5 14. Nf4+ Be6
15. Nxh3 h4 16. d5 hxg3 17. dxe6 Rxh3 18. exf7+ Kxf7 19. Qf3+ Nf6 20. fxg3 Rh8
21. Bd5+ Kg6 22. Be6 Rf8 23. Qf5# 1-0

[Event "Barber/Rockefeller Qualifier"]
[Site "Chess.com"]
[Date "2020.04.11"]
[Round "?"]
[White "Smith, Cooper"]
[Black "Vangala, Agastya"]
[Result "0-1"]
[WhiteElo "1195"]
[BlackElo "1378"]
[PlyCount "160"]
[EventDate "2020.??.??"]

1. Nf3 g6 2. d4 Bg7 3. c4 d6 4. Nc3 Nd7 5. e3 e5 6. Be2 Ne7 7. b3 O-O 8. Bb2
exd4 9. exd4 Nf5 10. O-O b6 11. d5 Ne5 12. Nxe5 Bxe5 13. Na4 Bxb2 14. Nxb2 Qf6
15. Nd3 Re8 16. Re1 Nd4 17. Rb1 Bf5 18. Rc1 Bxd3 19. Bxd3 Re7 20. Rxe7 Qxe7 21.
Qe1 Re8 22. Qxe7 Rxe7 23. h3 Ne2+ 24. Bxe2 Rxe2 25. Ra1 Kg7 26. Kf1 Rb2 27. g3
Kf6 28. Kg2 Kf5 29. Kf3 h5 30. g4+ hxg4+ 31. hxg4+ Kg5 32. Ke3 Kxg4 33. f3+ Kf5
34. f4 Kf6 35. Kf3 Kf5 36. Ke3 Rc2 37. Kf3 Rc3+ 38. Ke2 Rc2+ 39. Kf3 g5 40.
fxg5 Kxg5 41. Ke3 Rg2 42. Kf3 Rg4 43. Re1 Rf4+ 44. Kg3 Rd4 45. Re3 Rd2 46. a4
Kf6 47. Kf3 Rh2 48. Re2 Rxe2 49. Kxe2 a5 50. Kf3 Kf5 51. Ke3 Ke5 52. Kd3 f5 53.
Ke3 f4+ 54. Kd3 Kf5 55. Ke2 Ke4 56. Kf2 f3 57. Ke1 Ke3 58. Kf1 f2 59. c5 bxc5
60. Kg2 Ke2 61. Kg3 f1=Q 62. Kg4 Qf3+ 63. Kg5 Qxd5+ 64. Kg4 Qf3+ 65. Kg5 Qe4
66. Kf6 Qe5+ 67. Kf7 Qd5+ 68. Ke7 Qxb3 69. Kd7 Qxa4+ 70. Kxc7 c4 71. Kxd6 c3
72. Ke6 c2 73. Kd5 c1=Q 74. Ke5 Qc5+ 75. Ke6 Qe4+ 76. Kf6 Qee5+ 77. Kf7 Qcc7+
78. Kg6 Qcd6+ 79. Kf7 Qee7+ 80. Kg8 Qdd8# 0-1

[Event "Barber/Rockefeller Qualifier"]
[Site "Chess.com"]
[Date "2020.04.11"]
[Round "?"]
[White "Vangala, Agastya"]
[Black "Stein, Elizabeth"]
[Result "0-1"]
[WhiteElo "1378"]
[BlackElo "1259"]
[PlyCount "42"]
[EventDate "2020.??.??"]

1. c4 e5 2. g3 Nf6 3. Bg2 d5 4. cxd5 Nxd5 5. e3 Bc5 6. Ne2 O-O 7. O-O Nc6 8. d4
exd4 9. exd4 Bb4 10. Bd2 Re8 11. Bxd5 Qxd5 12. Bxb4 Nxb4 13. Nbc3 Qd6 14. Re1
Bg4 15. Qd2 Nd5 16. Nxd5 Qxd5 17. Nf4 Qc6 18. Rxe8+ Rxe8 19. Re1 Rxe1+ 20. Qxe1
g5 21. Nd3 Bh3 0-1

[Event "Barber/Rockefeller Qualifier"]
[Site "Chess.com"]
[Date "2020.04.11"]
[Round "?"]
[White "Yuen, Owen"]
[Black "Vangala, Agastya"]
[Result "1-0"]
[WhiteElo "1187"]
[BlackElo "1378"]
[PlyCount "31"]
[EventDate "2020.??.??"]

1. d4 d6 2. c4 Nd7 3. Nf3 e6 4. Nc3 Ne7 5. Bg5 h6 6. Bh4 b6 7. e4 Bb7 8. Qc2 f6
9. Bg3 d5 10. Bd3 Rb8 11. O-O dxe4 12. Bxe4 f5 13. Bxb7 Rxb7 14. Rfe1 g5 15.
Rxe6 f4 16. Qg6# 1-0

[Event "Barber/Rockefeller Qualifier"]
[Site "Chess.com"]
[Date "2020.04.11"]
[Round "?"]
[White "Stein, Joshua"]
[Black "Vangala, Agastya"]
[Result "1/2-1/2"]
[WhiteElo "959"]
[BlackElo "1378"]
[PlyCount "126"]
[EventDate "2020.??.??"]

1. e4 g6 2. Nf3 Bg7 3. Nc3 d6 4. Bc4 e5 5. h3 Ne7 6. O-O O-O 7. d3 Nbc6 8. Bg5
Na5 9. Bd5 Qd7 10. Re1 Nxd5 11. Nxd5 c6 12. Nf6+ Bxf6 13. Bxf6 Qe6 14. Bg5 Re8
15. d4 exd4 16. Qxd4 c5 17. Qd2 Nc4 18. Qd5 Qxd5 19. exd5 Bf5 20. b3 Na3 21. c4
Nc2 22. Rxe8+ Rxe8 23. Rd1 Nd4 24. Nxd4 cxd4 25. Rxd4 Re1+ 26. Kh2 Bb1 27. Rd2
Rc1 28. Re2 Rc2 29. Re3 Bxa2 30. Bh6 f5 31. Re8+ Kf7 32. Rf8+ Ke7 33. Rb8 b6
34. Bf8+ Kf6 35. Bxd6 Bxb3 36. Rf8+ Kg7 37. Ra8 Bxc4 38. Rxa7+ Kf6 39. Rxh7
Rxf2 40. Be7+ Ke5 41. d6 Bb5 42. Bd8 Kxd6 43. Bxb6 Rc2 44. Rh6 Bc6 45. Rxg6+
Ke5 46. Bc7+ Ke4 47. Re6+ Kd4 48. Bb6+ Kd5 49. Rg6 Ke5 50. Kg1 Bb5 51. h4 Rc1+
52. Kh2 Rc2 53. h5 Be8 54. Rh6 Kf4 55. Kh3 Rc3+ 56. Kh4 Rc1 57. g3+ Kf3 58. Kg5
Kxg3 59. Kxf5 Rb1 60. Bc7+ Kf3 61. Kg5 Rb5+ 62. Kh4 Rxh5+ 63. Rxh5 Bxh5 1/2-1/2

[Event "Barber/Rockefeller Qualifier"]
[Site "Chess.com"]
[Date "2020.04.11"]
[Round "?"]
[White "Gajcowski, Hannah Nami"]
[Black "Metzmaker, Suya"]
[Result "0-1"]
[WhiteElo "1128"]
[BlackElo "1363"]
[PlyCount "94"]
[EventDate "2020.??.??"]

1. d4 d5 2. c4 c6 3. Nc3 Nf6 4. Bg5 Bf5 5. Nf3 e6 6. e3 Nbd7 7. Bd3 Bg4 8. O-O
Be7 9. Re1 h6 10. Bh4 O-O 11. e4 dxe4 12. Nxe4 Nxe4 13. Bxe7 Qxe7 14. Bxe4 Nf6
15. Bd3 Rad8 16. h3 Bh5 17. Bc2 c5 18. d5 Qc7 19. Re5 Bxf3 20. Qxf3 Qxe5 21.
dxe6 fxe6 22. Qxb7 Rd7 23. Qb3 Rb8 24. Qd3 Rxd3 25. Bxd3 Qxb2 26. Rb1 Qxb1+ 27.
Bxb1 Rxb1+ 28. Kh2 Ne4 29. f3 Nd6 30. Kg3 Nxc4 31. Kf4 Rb2 32. Ke4 Rxg2 33. Kd3
Ne5+ 34. Kc3 Rxa2 35. f4 Ra3+ 36. Kd2 Rxh3 37. fxe5 Kf7 38. Kc2 Kg6 39. Kd2 Kg5
40. Kc2 Kf4 41. Kd2 Ke4 42. Kc2 Kd4 43. Kd2 Rh2+ 44. Kc1 Kd3 45. Kb1 Kc3 46.
Ka1 Kb3 47. Kb1 Rh1# 0-1

[Event "Barber/Rockefeller Qualifier"]
[Site "Chess.com"]
[Date "2020.04.11"]
[Round "?"]
[White "Metzmaker, Suya"]
[Black "Tameling, Cole"]
[Result "1-0"]
[WhiteElo "1363"]
[BlackElo "1170"]
[PlyCount "83"]
[EventDate "2020.??.??"]

1. e4 e5 2. Nf3 Nc6 3. Bc4 Nf6 4. Ng5 d5 5. exd5 b5 6. Bxb5 Qxd5 7. Bxc6+ Qxc6
8. Qf3 Qxf3 9. Nxf3 Bd6 10. Nc3 a6 11. O-O O-O 12. Re1 Re8 13. d4 exd4 14.
Rxe8+ Nxe8 15. Nxd4 Bc5 16. Nf3 Bb7 17. Bf4 Bd6 18. Bxd6 cxd6 19. Nd4 g6 20.
Re1 Nf6 21. Re7 Rb8 22. h3 Nd5 23. Nxd5 Bxd5 24. b3 Rb4 25. c3 Rb8 26. Rd7 Rb6
27. c4 Be6 28. Nxe6 fxe6 29. Re7 d5 30. cxd5 exd5 31. Rd7 Rb5 32. Kf1 h6 33.
Ke2 Kf8 34. Kd3 Ke8 35. Rd6 Ke7 36. Rxg6 h5 37. Rxa6 Rb4 38. Ra5 d4 39. Rxh5
Ke6 40. Ra5 Kd6 41. Ra4 Rxa4 42. bxa4 1-0

[Event "Barber/Rockefeller Qualifier"]
[Site "Chess.com"]
[Date "2020.04.11"]
[Round "?"]
[White "Tameling, Benton"]
[Black "Metzmaker, Suya"]
[Result "0-1"]
[WhiteElo "1352"]
[BlackElo "1363"]
[PlyCount "94"]
[EventDate "2020.??.??"]

1. d4 d5 2. c4 c6 3. Nf3 Nf6 4. g3 Bg4 5. Bg2 e6 6. O-O Nbd7 7. Nc3 Bb4 8. Bd2
dxc4 9. Qc2 b5 10. a4 Qb6 11. e3 O-O 12. Ne5 Nxe5 13. dxe5 Nd7 14. axb5 Nxe5
15. Na4 Qxb5 16. Bxb4 Qxb4 17. Qe4 Qd6 18. Rfd1 Bxd1 19. Qd4 Qxd4 20. exd4 Bxa4
21. Rxa4 Nd3 22. Rxc4 Nxb2 23. Rxc6 Rac8 24. Ra6 Rc1+ 25. Bf1 g6 26. Rxa7 Rd8
27. Ra2 Nc4 28. Kg2 Rxd4 29. Ra8+ Kg7 30. h4 Rdd1 31. Be2 Rg1+ 32. Kf3 Ne5+ 33.
Ke4 Kf6 34. g4 Rce1 35. g5+ Kg7 36. Ke3 Nc4+ 37. Kd3 Nb2+ 38. Kd2 h6 39. h5 Ra1
40. Rb8 Ra2 41. Kc3 Nd1+ 42. Kd3 Nxf2+ 43. Ke3 Nd1+ 44. Kd3 Rg3+ 45. Kd4 Rxe2
46. Kc5 Rxg5+ 47. Kd6 Kf6 0-1

[Event "Barber/Rockefeller Qualifier"]
[Site "Chess.com"]
[Date "2020.04.11"]
[Round "?"]
[White "Stein, Elizabeth"]
[Black "Metzmaker, Suya"]
[Result "0-1"]
[WhiteElo "1259"]
[BlackElo "1363"]
[PlyCount "148"]
[EventDate "2020.??.??"]

1. e4 e5 2. Nf3 Nc6 3. Bb5 a6 4. Ba4 Nf6 5. d3 h6 6. Nc3 Bb4 7. Bd2 d6 8. a3
Bc5 9. O-O Bg4 10. Be3 Bb6 11. h3 Bh5 12. Nd5 O-O 13. c3 Re8 14. Re1 Re6 15.
Bb3 Re8 16. Bxb6 cxb6 17. d4 exd4 18. cxd4 Nxe4 19. Qd3 Bxf3 20. Qxf3 Nd2 21.
Rxe8+ Qxe8 22. Qg3 Qd8 23. Bc2 Qg5 24. Qxg5 hxg5 25. Nxb6 Re8 26. Rd1 Ne4 27.
Re1 Nf6 28. Rxe8+ Nxe8 29. d5 Nd4 30. Bd1 Nf6 31. f3 Kf8 32. Nc4 Ke7 33. Ne3
Kd7 34. Kf2 Kc7 35. g3 Kb6 36. f4 gxf4 37. gxf4 Ne4+ 38. Kg2 Nf6 39. Kg3 Kc5
40. b4+ Kb6 41. h4 Nb5 42. a4 Nc3 43. Bb3 Nce4+ 44. Kg2 Kc7 45. Kf1 Nd2+ 46.
Ke2 Nxb3 47. Nf5 g6 48. Ne3 b6 49. f5 gxf5 50. Nxf5 Nxd5 51. h5 Nf6 52. h6 a5
53. bxa5 Nxa5 54. Ne3 Kc6 55. Nc2 b5 56. axb5+ Kxb5 57. Nd4+ Kc4 58. Nf5 d5 59.
Ne3+ Kd4 60. Kf3 Nc6 61. Kf4 Ne7 62. Ng2 Neg8 63. Kg5 Kc3 64. Nf4 d4 65. Ne2+
Kd3 66. Nf4+ Ke4 67. Ng2 d3 68. Nf4 d2 69. Nh5 Nxh5 70. Kxh5 d1=Q+ 71. Kg5 Nxh6
72. Kxh6 Qg1 73. Kh5 Kf5 74. Kh6 Qg6# 0-1

[Event "Barber/Rockefeller Qualifier"]
[Site "Chess.com"]
[Date "2020.04.11"]
[Round "?"]
[White "Metzmaker, Suya"]
[Black "Aggarwal, Aadit"]
[Result "1-0"]
[WhiteElo "1363"]
[BlackElo "1340"]
[PlyCount "39"]
[EventDate "2020.??.??"]

1. e4 e5 2. Nf3 Nc6 3. Bc4 Bc5 4. c3 Nf6 5. d4 exd4 6. cxd4 Bb4+ 7. Bd2 Bxd2+
8. Nbxd2 O-O 9. O-O d6 10. Qb3 Bg4 11. Qxb7 Na5 12. Qb5 Nxc4 13. Qxc4 Rb8 14.
b3 Re8 15. Ng5 Re7 16. Ngf3 Nxe4 17. Nxe4 Rxe4 18. Qc6 Re8 19. Rfe1 Qf6 20.
Rxe8+ 1-0

[Event "Barber/Rockefeller Qualifier"]
[Site "Chess.com"]
[Date "2020.04.11"]
[Round "?"]
[White "Tameling, Benton"]
[Black "Chapman, Toby"]
[Result "1-0"]
[WhiteElo "1352"]
[BlackElo "999"]
[PlyCount "49"]
[EventDate "2020.??.??"]

1. d4 e6 2. c4 d5 3. Nf3 Bb4+ 4. Bd2 Nc6 5. e3 Nf6 6. Bxb4 Nxb4 7. Qa4+ Bd7 8.
Qxb4 Ne4 9. Bd3 f5 10. Ne5 Qf6 11. Na3 O-O-O 12. Nb5 Qh4 13. Bxe4 dxe4 14.
Nxa7+ Kb8 15. Nac6+ Kc8 16. Na7+ Kb8 17. Nac6+ Kc8 18. Nxd8 Kxd8 19. Nf7+ Ke8
20. Nxh8 f4 21. O-O-O f3 22. Rhg1 Qxf2 23. gxf3 exf3 24. Rxg7 Qe2 25. Qe7# 1-0

[Event "Barber/Rockefeller Qualifier"]
[Site "Chess.com"]
[Date "2020.04.11"]
[Round "?"]
[White "Yuen, Owen"]
[Black "Tameling, Benton"]
[Result "0-1"]
[WhiteElo "1187"]
[BlackElo "1352"]
[PlyCount "74"]
[EventDate "2020.??.??"]

1. d4 e6 2. c4 d5 3. Nc3 c5 4. Nf3 cxd4 5. Nxd4 Bc5 6. e3 Nf6 7. Bd3 dxc4 8.
Bxc4 e5 9. Ndb5 Qxd1+ 10. Nxd1 Bb6 11. b3 O-O 12. O-O Rd8 13. Nbc3 Ba5 14. Ne2
Nc6 15. Ndc3 Bf5 16. Ng3 Bxc3 17. Rb1 Bxb1 18. Bb2 Bxb2 19. Rxb1 Bc3 20. a4 Rd2
21. Rc1 Ba5 22. Nf1 Rb2 23. g3 Ne4 24. f3 Nd2 25. Nxd2 Rxd2 26. Re1 Rg2+ 27.
Kxg2 Bxe1 28. e4 Rd8 29. Bd5 Ne7 30. Bc4 Rd2+ 31. Kg1 Kf8 32. f4 f5 33. exf5
Nxf5 34. fxe5 Ne3 35. e6 Bf2+ 36. Kh1 Rd1+ 37. Bf1 Rxf1# 0-1

[Event "Barber/Rockefeller Qualifier"]
[Site "Chess.com"]
[Date "2020.04.11"]
[Round "?"]
[White "Murarka, Avni"]
[Black "Tameling, Benton"]
[Result "1-0"]
[WhiteElo "1143"]
[BlackElo "1352"]
[PlyCount "39"]
[EventDate "2020.??.??"]

1. e4 e6 2. d4 d5 3. Nc3 Nf6 4. Bd3 dxe4 5. Nxe4 Nxe4 6. Bxe4 c5 7. Be3 Qa5+ 8.
Bd2 Qb6 9. Bc3 Be7 10. Nf3 O-O 11. O-O Rd8 12. Qd2 Bf6 13. Ba5 Qd6 14. Bxd8
Qxd8 15. dxc5 Qxd2 16. Nxd2 Bxb2 17. Rad1 Bc3 18. Nc4 Bd7 19. Bxb7 Bb5 20. Rd8+
1-0

[Event "Barber/Rockefeller Qualifier"]
[Site "Chess.com"]
[Date "2020.04.11"]
[Round "?"]
[White "Tameling, Benton"]
[Black "Nelson, Ben"]
[Result "1-0"]
[WhiteElo "1352"]
[BlackElo "1140"]
[PlyCount "43"]
[EventDate "2020.??.??"]

1. d4 d5 2. c4 dxc4 3. e4 b5 4. a4 Ba6 5. Nf3 Nf6 6. Nc3 b4 7. Nd5 Nxd5 8. exd5
Qxd5 9. g3 c3 10. Bg2 cxb2 11. Bxb2 Qe6+ 12. Ne5 Nd7 13. Bxa8 Nxe5 14. dxe5 c6
15. Qf3 Qc4 16. Bxc6+ Kd8 17. Rd1+ Kc7 18. Rd7+ Kb6 19. Bd4+ Ka5 20. Rd5+ Qxd5
21. Qxd5+ Bb5 22. Qxb5# 1-0

[Event "Barber/Rockefeller Qualifier"]
[Site "Chess.com"]
[Date "2020.04.11"]
[Round "?"]
[White "Razmov, Gabriel"]
[Black "Aggarwal, Aadit"]
[Result "0-1"]
[WhiteElo "983"]
[BlackElo "1340"]
[PlyCount "152"]
[EventDate "2020.??.??"]

1. e4 e5 2. Nf3 Nc6 3. Bc4 Bc5 4. O-O Nf6 5. d3 h6 6. c3 O-O 7. d4 exd4 8. cxd4
Bb4 9. d5 Na5 10. Bd3 Bc5 11. Bf4 b6 12. a3 Nb7 13. b4 Be7 14. Nc3 d6 15. e5
dxe5 16. Nxe5 Re8 17. Bc2 Bd6 18. Re1 Bd7 19. Qd3 Kf8 20. Re2 Kg8 21. Rae1 Re7
22. Re3 a5 23. b5 Nc5 24. Qc4 Qc8 25. Rg3 Qf8 26. Bxh6 Bxe5 27. Rg5 Rae8 28.
Ne2 Kh8 29. Bxg7+ Qxg7 30. Rxg7 Kxg7 31. Qh4 Bc3 32. Qg5+ Kf8 33. Kf1 Bxe1 34.
g3 Rxe2 35. Kg2 Rxf2+ 36. Kh1 Rxc2 37. Qxf6 Ree2 38. Qh8+ Ke7 39. Qh4+ Kd6 40.
Qf6+ Kxd5 41. Qxf7+ Be6 42. Qf3+ Kd6 43. Qc6+ Ke5 44. Qxc7+ Kf6 45. Qf4+ Ke7
46. Qg5+ Kd6 47. Qd8+ Nd7 48. Qa8 Rxh2+ 49. Kg1 Rcg2+ 50. Qxg2 Rxg2+ 51. Kxg2
Bd2 52. Kf3 Kc5 53. g4 Bxg4+ 54. Kxg4 Kxb5 55. Kf5 Ka4 56. Ke6 Kxa3 57. Kd6 b5
58. Kd5 b4 59. Kc4 b3 60. Kd3 Ka2 61. Kxd2 b2 62. Kc3 b1=Q 63. Kc4 Qb4+ 64. Kd5
Nf6+ 65. Ke6 Qc5 66. Kxf6 Qd5 67. Kg6 Qe5 68. Kf7 Qd6 69. Ke8 Qc7 70. Kf8 Qd7
71. Kg8 Qe7 72. Kh8 Kb3 73. Kg8 Kc4 74. Kh8 Kd5 75. Kg8 Ke5 76. Kh8 Kf6 0-1

[Event "Barber/Rockefeller Qualifier"]
[Site "Chess.com"]
[Date "2020.04.11"]
[Round "?"]
[White "Aggarwal, Aadit"]
[Black "Murarka, Avni"]
[Result "0-1"]
[WhiteElo "1340"]
[BlackElo "1143"]
[PlyCount "128"]
[EventDate "2020.??.??"]

1. e4 c5 2. Nf3 d6 3. Nc3 Nf6 4. g3 g6 5. Bg2 Bg7 6. O-O O-O 7. d3 Nc6 8. Be3
Bd7 9. Qd2 Re8 10. Bh6 Bh8 11. Rfe1 Ng4 12. Be3 Nd4 13. Rad1 Bg7 14. Ne2 Nxe3
15. Qxe3 Nxc2 16. Qd2 Nxe1 17. Rxe1 Rc8 18. b3 b5 19. Rc1 Qb6 20. Qe3 c4 21.
bxc4 Qxe3 22. fxe3 bxc4 23. dxc4 Be6 24. Nd2 Rc7 25. Nf4 Rb8 26. Rc2 Rb2 27.
Rxb2 Bxb2 28. Bf1 a5 29. Nxe6 fxe6 30. Kf2 Ba3 31. Ke1 Rb7 32. Kd1 Rb2 33. h3
Rxa2 34. Nb3 a4 35. Nd2 Bb4 36. Nf3 a3 37. Nd4 Bc3 38. Nb3 Rb2 39. Nc1 Rb1 40.
Kc2 Rxc1+ 41. Kb3 Bb2 42. Ka2 Rxf1 43. e5 Ra1+ 44. Kb3 a2 45. Kxb2 Rb1+ 46.
Kxa2 Rc1 47. c5 Rxc5 48. e4 Rxe5 49. g4 Rxe4 50. g5 d5 51. h4 d4 52. Kb2 d3 53.
Kc1 Rd4 54. Kd2 e5 55. h5 gxh5 56. g6 hxg6 57. Kd1 g5 58. Ke1 h4 59. Kd2 h3 60.
Ke1 h2 61. Kd2 h1=Q 62. Ke3 Qe4+ 63. Kd2 Qe2+ 64. Kc3 Qc2# 0-1

[Event "Barber/Rockefeller Qualifier"]
[Site "Chess.com"]
[Date "2020.04.11"]
[Round "?"]
[White "Bansal, Vivaan"]
[Black "Aggarwal, Aadit"]
[Result "0-1"]
[WhiteElo "983"]
[BlackElo "1340"]
[PlyCount "74"]
[EventDate "2020.??.??"]

1. e4 e5 2. Bc4 Nf6 3. Nc3 Bc5 4. Nf3 Nc6 5. Ng5 O-O 6. Qf3 d6 7. Nd5 Nxd5 8.
Qh5 Nf6 9. Qh4 h6 10. Nf3 Bg4 11. Bd5 Bxf3 12. gxf3 Nxd5 13. exd5 Qxh4 14. dxc6
bxc6 15. Rf1 Qxh2 16. d3 Qh5 17. Ke2 Rfe8 18. Rg1 d5 19. b3 e4 20. dxe4 dxe4
21. Kd1 Qxf3+ 22. Ke1 Qxf2+ 23. Kd1 Qxg1+ 24. Kd2 Be3+ 25. Kc3 Bxc1 26. b4 Bd2+
27. Kxd2 Qxa1 28. a3 Qxa3 29. c3 Qb2+ 30. Ke3 Re6 31. c4 Qxb4 32. Kf2 Qc3 33.
c5 Rf6+ 34. Ke2 Rf3 35. Kd1 Qa3 36. Ke1 Qa2 37. Kd1 Rf1# 0-1

[Event "Barber/Rockefeller Qualifier"]
[Site "Chess.com"]
[Date "2020.04.11"]
[Round "?"]
[White "Aggarwal, Aadit"]
[Black "Tameling, Cole"]
[Result "1-0"]
[WhiteElo "1340"]
[BlackElo "1170"]
[PlyCount "55"]
[EventDate "2020.??.??"]

1. e4 e5 2. Nf3 Nc6 3. Bc4 Nf6 4. c3 Nxe4 5. Qe2 d5 6. Bb5 Bd6 7. d4 exd4 8.
cxd4 Bb4+ 9. Bd2 Bf8 10. Nc3 Qe7 11. Nxd5 Qe6 12. Nxc7+ Kd8 13. Nxe6+ Bxe6 14.
Qxe4 Nb8 15. Qxb7 Bd6 16. Qxa8 Ke7 17. Qxa7+ Bd7 18. Bxd7 Nxd7 19. O-O Bb8 20.
Rfe1+ Kd6 21. Qa6+ Kd5 22. Ng5 Nf8 23. Nxf7 Kxd4 24. Rad1 Kd5 25. Bf4+ Kc5 26.
Bxb8 Kb4 27. Re4+ Kc5 28. Bd6# 1-0

[Event "Barber/Rockefeller Qualifier"]
[Site "Chess.com"]
[Date "2020.04.11"]
[Round "?"]
[White "Stein, Elizabeth"]
[Black "Bansal, Vivaan"]
[Result "1-0"]
[WhiteElo "1259"]
[BlackElo "983"]
[PlyCount "89"]
[EventDate "2020.??.??"]

1. e4 Nf6 2. e5 Ne4 3. d3 Nc5 4. d4 Ne4 5. Bd3 d5 6. exd6 Ng5 7. Bxg5 cxd6 8.
Nf3 h6 9. Bf4 g5 10. Bg3 Qb6 11. b3 Nc6 12. Be4 Nb4 13. O-O d5 14. Bd3 Nxd3 15.
Qxd3 e6 16. Nbd2 Bd7 17. Rfe1 Bd6 18. Bxd6 Qxd6 19. c4 O-O-O 20. Ne5 f6 21. Nf7
Qf4 22. Nxh8 Rxh8 23. Rac1 Bc6 24. Rxe6 Kd8 25. c5 Qg4 26. Rd6+ Kc8 27. Rxf6
Re8 28. Qf5+ Qxf5 29. Rxf5 Bb5 30. Nf3 g4 31. Ne5 Be2 32. Re1 Ba6 33. a4 b6 34.
cxb6 axb6 35. Rc1+ Kb8 36. f3 gxf3 37. Rxf3 Be2 38. Re3 Bh5 39. h3 Rc8 40. Nc6+
Kb7 41. Re7+ Rc7 42. Nd8+ Ka6 43. Rcxc7 b5 44. Ra7+ Kb6 45. Reb7# 1-0

[Event "Barber/Rockefeller Qualifier"]
[Site "Chess.com"]
[Date "2020.04.11"]
[Round "?"]
[White "Vangala, Advaith"]
[Black "Stein, Elizabeth"]
[Result "0-1"]
[WhiteElo "972"]
[BlackElo "1259"]
[PlyCount "46"]
[EventDate "2020.??.??"]

1. d4 d5 2. Bf4 c5 3. dxc5 Qa5+ 4. Nc3 Nf6 5. e3 Qxc5 6. Bb5+ Nc6 7. Nce2 Qxb5
8. Nc3 Qxb2 9. Na4 Qb4+ 10. c3 Qa5 11. Ne2 e5 12. Bg3 b5 13. Nb2 b4 14. Qc2 Ne4
15. Na4 Ba6 16. cxb4 Qxb4+ 17. Nac3 Bxe2 18. Kxe2 Nxc3+ 19. Kf3 e4+ 20. Kg4 h5+
21. Kh3 g5 22. Rab1 g4+ 23. Kh4 Be7# 0-1

[Event "Barber/Rockefeller Qualifier"]
[Site "Chess.com"]
[Date "2020.04.11"]
[Round "?"]
[White "Stein, Elizabeth"]
[Black "Murarka, Avni"]
[Result "1-0"]
[WhiteElo "1259"]
[BlackElo "1143"]
[PlyCount "57"]
[EventDate "2020.??.??"]

1. e4 c5 2. c3 d6 3. d4 cxd4 4. cxd4 Nf6 5. Nc3 g6 6. Nf3 Bg7 7. Bf4 O-O 8. Bc4
Bg4 9. h3 Bc8 10. d5 Be6 11. dxe6 fxe6 12. Bxe6+ Kh8 13. Ng5 Qe8 14. Nd5 Nxd5
15. Bxd5 Rxf4 16. Bxb7 Nc6 17. Bxa8 h6 18. Bxc6 Qxc6 19. Nf3 Rxe4+ 20. Kf1 Qb5+
21. Kg1 Qxb2 22. Nd2 Rd4 23. Rb1 Rxd2 24. Qb3 Qd4 25. Qf3 Rd3 26. Qg4 Qe5 27.
Qxg6 Rd4 28. Rb8+ Bf8 29. Rxf8# 1-0